000 01285nam a22003737a 4500
001 0008656
003 KOHA_MİRAKIL
005 20260207001643.0
007 ta
008 091009b1999 tu |||gr||||#||||0|tur |
020 _a9751600243
040 _aTR-BiSEU
_btur
_cTR-BiSEU
_erda
041 0 _atur
044 _ctu
050 _aLA941.7
_b.K65 1999
100 1 _aKodaman, Bayram.
245 1 _aAbdülhamid devri eğitim sistemi/
_cBayram Kodaman ; Bayram Kodaman.
264 1 _aAnkara :
_bAtatürk Kültür, Dil ve Tarih Yüksek Kurumu Türk Tarih Kurumu
_c1999
300 _axiv, 181 sayfa: resimli
336 _ametin
_btxt
_2rdacontent
337 _aaracısız
_bn
_2rdamedia
338 _acilt
_bnc
_2rdacarrier
490 1 _aAtatürk Kültür, Dil ve Tarih Yüksek Kurumu Türk Tarih Kurumu Yayınları VII.
490 1 _adizi ;
_v sa.
490 1 _a94-2.
500 _aKaynakça ve dizin var.
650 0 _aEducation--Turkey--History 19th century.
_921714
650 0 _aEducation--Turkey-History 20th century.
_921715
650 0 _aTurkey--History, 1878-1909.
_921716
830 1 _aAtatürk Kültür, Dil ve Tarih Yüksek Kurumu Türk Tarih Kurumu Yayınları VII.
_921717
830 1 _adizi ;
_v sa.
_910357
830 1 _a94-2.
_921718
942 _2lcc
_cBK
999 _c8628
_d8628